000
00283nam a22001097a 4500
008
170124b xxu||||| |||| 00| 0 eng d
020
_a
9789380108483
041
_a
eng
080
_a
618.2
245
_a
NURSING INFORMATICSAND THE FOUNDATION OF KNOWLEDGE
_c
MCGONIGLE, D
942
_2
udc
_c
BK
999
_c
3431
_d
3431